Statistics for The Beatles - Magical Mystery Tour

Click here to take the quiz!

General Stats

  • This quiz has been taken 28 times
  • The average score is 10 of 11

Answer Stats

#Song Name% Correct
8Strawberry Fields Forever
96%
4Blue Jay Way
92%
6I Am the Walrus
92%
1Magical Mystery Tour
92%
9Penny Lane
88%
11All You Need Is Love
84%
10Baby, You're a Rich Man
84%
3Flying
84%
2The Fool On The Hill
84%
7Hello, Goodbye
80%
5Your Mother Should Know
76%

Score Distribution

Percentile by Number Answered

Percent of People with Each Score

Your Score History

You have not taken this quiz